000
00287pam a2200121 a 4500
020
_c
041
_h
082
_a
708
_b
KHA
245
_a
Indian Art Inventing / Inventing
_h
Textual Documents
260
_a
[s.l]:
_b
Vadhera Art Gallery,
_c
2007.
300
_a
151:
_b
paper.
930
_a
7088
999
_c
240878
_d
240878